Innovaciones para la Calidad de la Educacion Medica. Programa de la V Conferencia Argentina de Educacion Medica (Registro nro. 1778)

Detalles MARC
000 -LEADER
fixed length control field 01143nam a2200253 a 4500
003 - CONTROL NUMBER IDENTIFIER
control field OSt
005 - FECHA ULTIMA MODIFICACION
control field 20131009173823.0
008 - FIXED-LENGTH DATA ELEMENTS--GENERAL INFORMATION
fixed length control field 131009s2003 ag ||||| |||| 10| 0 spa d
040 ## - CATALOGING SOURCE
Transcribing agency Biblioteca Medicina
041 ## - LANGUAGE CODE
Language code of text/sound track or separate title spa
082 ## - DEWEY DECIMAL CLASSIFICATION NUMBER
Item number CONGRESOS 006
111 2# - MAIN ENTRY--MEETING NAME
Meeting name or jurisdiction name as entry element Asociacion de Facultades de Ciencias Medicas de la Republica Argentina
9 (RLIN) 2691
245 00 - TITLE STATEMENT
Title Innovaciones para la Calidad de la Educacion Medica. Programa de la V Conferencia Argentina de Educacion Medica
260 ## - PUBLICATION, DISTRIBUTION, ETC. (IMPRINT)
Place of publication, distribution, etc La Plata
Name of publisher, distributor, etc AFACIMERA
Date of publication, distribution, etc 2003
300 ## - PHYSICAL DESCRIPTION
Extent 24 p.
518 ## - DATE/TIME AND PLACE OF AN EVENT NOTE
Date/time and place of an event note La Plata, Argentina. 10 al 12 de Octubre de 2003
653 ## - INDEX TERM--UNCONTROLLED
Uncontrolled term EDUCACION MEDICA-CONFERENCIA-2003
653 ## - INDEX TERM--UNCONTROLLED
Uncontrolled term CAEM-CONFERENCIA-2003
942 ## - ADDED ENTRY ELEMENTS (KOHA)
Source of classification or shelving scheme Dewey Decimal Classification
Koha item type Hemeroteca
Existencias
Withdrawn status Lost status Fuente de clasificación Damaged status Not for loan Colección Ubicación permanente Ubicación actual Sala de ubicación Fecha de adquisición Total Checkouts Número de clasificación Date last seen Número de ejemplar Price effective from Koha tipo de elemento (item)
    Dewey Decimal Classification     Non-fiction Biblioteca Medicina Biblioteca Medicina Circulación 09/10/2013   CONGRESOS 006 06/11/2014 Ej. 1 09/10/2013 Hemeroteca
    Dewey Decimal Classification     Non-fiction Biblioteca Medicina Biblioteca Medicina Circulación 09/10/2013   CONGRESOS 006 09/10/2013 Ej. 2 09/10/2013 Hemeroteca
    Dewey Decimal Classification     Non-fiction Biblioteca Medicina Biblioteca Medicina Circulación 09/10/2013   CONGRESOS 006 06/11/2014 Ej. 3 09/10/2013 Hemeroteca
    Dewey Decimal Classification     Non-fiction Biblioteca Medicina Biblioteca Medicina Circulación 09/10/2013   CONGRESOS 006 06/11/2014 Ej. 4 09/10/2013 Hemeroteca

UNIVERSIDAD NACIONAL DEL COMAHUE
Biblioteca de la Facultad de Ciencias Médicas
Sede Toschi: Los Arrayanes y Av. Toschi, Cipolletti  - Rio Negro
Sede Los Tordos:  Yrigoyen al 2211, Cipolletti - Rio Negro 

Teléfono: 0299 - 4774707 int 25
Contacto: biblioteca@facimed.uncoma.edu.ar
© 2011 - 2026